| 000 | 00970nam a2200265Ia 4500 | ||
|---|---|---|---|
| 003 | OSt | ||
| 005 | 20220923211327.0 | ||
| 006 | a|||||r|||| 00| 0 | ||
| 007 | ta | ||
| 008 | 220922b |||||||| |||| 00| 0 hin d | ||
| 020 |
_a9788182681606 (hbk) _c1500 |
||
| 024 | _a348,343 | ||
| 037 |
_b245, 16/01/2019, Eastern Book Linkers _cTextual |
||
| 040 |
_aARTS _cARTS _bhin |
||
| 041 |
_2hin _ahin |
||
| 082 | _aQ22v237, 152Q5 | ||
| 100 |
_aदास, रास बिहारी, ले. _9160247 |
||
| 245 | 0 | _aराजस्थान में वैष्णव संगीत | |
| 246 | _aRājasthān mean vaiṣhṇav sangīta | ||
| 260 |
_aराजस्थान _b नवजीवन पब्लिकेशन _c2015 |
||
| 300 |
_a473पृ. _ccm. |
||
| 650 | _aधर्म | ||
| 942 |
_hQ22v237, 152Q5 _cTEXL _2CC |
||
| 999 |
_c298547 _d298547 |
||